ARRUPE JESUIT UNIVERSITY

CORONAVIRUS -STOP THE SPREAD - CLEAN,DISINFECT,COVER

Athanasius / (Record no. 118487)

MARC details
000 -LEADER
fixed length control field 01758cam a22003254a 4500
001 - CONTROL NUMBER
control field 16612632
003 - CONTROL NUMBER IDENTIFIER
control field ARRUPE
005 - DATE AND TIME OF LATEST TRANSACTION
control field 20131104163651.0
008 - FIXED-LENGTH DATA ELEMENTS--GENERAL INFORMATION
fixed length control field 110114s2011 miu b 001 0 eng
010 ## - LIBRARY OF CONGRESS CONTROL NUMBER
LC control number 2011001593
020 ## - INTERNATIONAL STANDARD BOOK NUMBER
International Standard Book Number 9780801039423 (pbk. : alk. paper)
020 ## - INTERNATIONAL STANDARD BOOK NUMBER
International Standard Book Number 0801039428 (pbk. : alk. paper)
035 ## - SYSTEM CONTROL NUMBER
System control number (OCoLC)ocn662401664
040 ## - CATALOGING SOURCE
Original cataloging agency DLC
Transcribing agency DLC
Modifying agency YDX
-- BTCTA
-- YDXCP
-- SGB
-- BWX
-- CDX
-- OCLCQ
-- DLC
042 ## - AUTHENTICATION CODE
Authentication code pcc
050 00 - LIBRARY OF CONGRESS CALL NUMBER
Classification number BR65.A72
Item number L533 2011
300 ## - PHYSICAL DESCRIPTION
Dimensions 23 cm.
100 1# - MAIN ENTRY--PERSONAL NAME
Personal name Leithart, Peter J.
9 (RLIN) 3120
245 10 - TITLE STATEMENT
Title Athanasius /
Statement of responsibility, etc Peter J. Leithart.
260 ## - PUBLICATION, DISTRIBUTION, ETC. (IMPRINT)
Place of publication, distribution, etc Grand Rapids, Mich. :
Name of publisher, distributor, etc Baker Academic,
Date of publication, distribution, etc c2011.
300 ## - PHYSICAL DESCRIPTION
Extent xvii, 204 p. ;
490 1# - SERIES STATEMENT
Series statement Foundations of theological exegesis and Chrisitian spirituality
504 ## - BIBLIOGRAPHY, ETC. NOTE
Bibliography, etc Includes bibliographical references (p. 195-199) and index.
505 0# - FORMATTED CONTENTS NOTE
Formatted contents note Introduction : scripture and metaphysics (in the Augustinian mode) -- Evangelizing metaphysics -- Types, terms, and paradigms -- The one God -- Beginnings : word and world -- Middle : God for us -- End : God made man, man made God -- Epilogue (again in the Augustinian mode).
520 ## - SUMMARY, ETC.
Summary, etc This volume offers consideration of the work of famous fourth-century church father Athanasius, giving specific attention to his use of Scripture, his deployment of metaphysical categories, and the intersection between the two. --from publisher description
600 00 - SUBJECT ADDED ENTRY--PERSONAL NAME
Personal name Athanasius,
Titles and other words associated with a name Saint, Patriarch of Alexandria,
Dates associated with a name -373.
9 (RLIN) 3121
830 #0 - SERIES ADDED ENTRY--UNIFORM TITLE
Uniform title Foundations of theological exegesis and Christian spirituality.
9 (RLIN) 3122
906 ## - LOCAL DATA ELEMENT F, LDF (RLIN)
a 7
b cbc
c orignew
d 1
e ecip
f 20
g y-gencatlg
942 ## - ADDED ENTRY ELEMENTS (KOHA)
Source of classification or shelving scheme Library of Congress Classification
Koha item type Monograph ( Printed materials)
Holdings
Withdrawn status Lost status Source of classification or shelving scheme Damaged status Not for loan Collection code Home library Current library Shelving location Date acquired Total Checkouts Full call number Barcode Date last seen Price effective from Koha item type
    Library of Congress Classification     Main Collection ARRUPE LIBRARY ARRUPE LIBRARY Main Collection 04/11/2013   BR65.A72 L533 2011 46410555 15/11/2016 04/11/2013 Monograph ( Printed materials)

 

Arrupe Library. PO Box MP320 Mt Pleasant, Harare, Zimbabwe
263 242 745411|librarian@aju.ac.zw